Random African City to Country - Statistics

General Stats
  • This quiz has been taken 94 times
  • The average score is 13 of 20
Answer Stats
Hint Answer % Correct
Luanda Angola
100%
Cotonou Benin
100%
Ouagadougou Burkina Faso
100%
Praia Cape Verde
100%
Bangui Central African Republic
100%
Djibouti City Djibouti
100%
Kinshasa DR Congo
100%
Lubumbashi DR Congo
100%
Cairo Egypt
100%
Alexandria Egypt
100%
Giza Egypt
100%
Suez Egypt
100%
Libreville Gabon
100%
Banjul Gambia
100%
Accra Ghana
100%
Bissau Guinea-Bissau
100%
Yamoussoukro Ivory Coast
100%
Maseru Lesotho
100%
Tripoli Libya
100%
Benghazi Libya
100%
Antananarivo Madagascar
100%
Lilongwe Malawi
100%
Bamako Mali
100%
Casablanca Morocco
100%
Maputo Mozambique
100%
Niamey Niger
100%
Lagos Nigeria
100%
Kano Nigeria
100%
Benin City Nigeria
100%
Port Harcourt Nigeria
100%
Abuja Nigeria
100%
Kigali Rwanda
100%
Johannesburg South Africa
100%
Bloemfontein South Africa
100%
Juba South Sudan
100%
Khartoum Sudan
100%
Zanzibar Tanzania
100%
Tunis Tunisia
100%
Kampala Uganda
100%
Lusaka Zambia
100%
Harare Zimbabwe
100%
Durban South Africa
93%
Marrakesh Morocco
92%
Asmara Eritrea
90%
Timbuktu Mali
90%
Brazzaville Republic of the Congo
90%
Pretoria South Africa
90%
Algiers Algeria
88%
Yaoundé Cameroon
88%
Mbabane eSwatini
88%
Mombasa Kenya
88%
Fez Morocco
88%
Rabat Morocco
88%
Dakar Senegal
88%
Dar es Salaam Tanzania
88%
Porto-Novo Benin
86%
Conakry Guinea
86%
Moroni Comoros
83%
Nairobi Kenya
83%
Sfax Tunisia
83%
Bulawayo Zimbabwe
83%
N'Djamena Chad
82%
Gitega Burundi
80%
Douala Cameroon
80%
Port Louis Mauritius
80%
Agadir Morocco
80%
São Tomé São Tomé and Príncipe
80%
Freetown Sierra Leone
80%
Cape Town South Africa
80%
Dodoma Tanzania
80%
Lomé Togo
80%
Mbuji-Mayi DR Congo
75%
Addis Ababa Ethiopia
75%
Kumasi Ghana
75%
Abidjan Ivory Coast
75%
Nouakchott Mauritania
75%
Gqeberha (Port Elizabeth) South Africa
75%
Kitwe Zambia
75%
Sousse Tunisia
73%
Pointe-Noire Republic of the Congo
71%
Mogadishu Somalia
71%
Gulu Uganda
71%
Bujumbura Burundi
67%
Malabo Equatorial Guinea
67%
Monrovia Liberia
67%
Windhoek Namibia
67%
Ibadan Nigeria
67%
Constantine Algeria
63%
Benguela Angola
60%
Kisumu Kenya
60%
Bata Equatorial Guinea
57%
Blantyre Malawi
57%
Walvis Bay Namibia
57%
Victoria Seychelles
57%
Oran Algeria
50%
Cabinda Angola
50%
Francistown Botswana
50%
Port Said Egypt
50%
Keren Eritrea
50%
Dire Dawa Ethiopia
50%
Serekunda Gambia
50%
Tamale Ghana
50%
Misrata Libya
50%
Gisenyi Rwanda
50%
Touba Senegal
50%
Sokodé Togo
50%
Mindelo Cape Verde
44%
Manzini eSwatini
43%
Gaborone Botswana
40%
Bobo-Dioulasso Burkina Faso
40%
Ali Sabieh Djibouti
40%
Bukavu DR Congo
40%
Tangier Morocco
40%
Bo Sierra Leone
40%
Nouadhibou Mauritania
38%
Moundou Chad
33%
Mzuzu Malawi
33%
Wau South Sudan
33%
Omdurman Sudan
33%
Ndola Zambia
33%
Bimbo Central African Republic
30%
Maradi Niger
30%
Port-Gentil Gabon
29%
Vacoas-Phoenix Mauritius
29%
Matola Mozambique
29%
Mwanza Tanzania
29%
Mbeya Tanzania
25%
Bouaké Ivory Coast
22%
Mbarara Uganda
20%
Nzérékoré Guinea
17%
Gbarnga Liberia
17%
Toamasina Madagascar
17%
Nampula Mozambique
17%
Santo Amaro São Tomé and Príncipe
17%
Bossaso Somalia
17%
Garoua Cameroon
14%
Mutsamudu Comoros
14%
Thiès Senegal
14%
Kankan Guinea
13%
Gabú Guinea-Bissau
13%
Teyateyaneng Lesotho
11%
Beira Mozambique
10%
Mekelle Ethiopia
0%
Sikasso Mali
0%
Kenema Sierra Leone
0%
Hargeysa Somalia
0%
Borama Somalia
0%
Nyala Sudan
0%
No matching quizzes found
Score Distribution
Percent of People with Each Score
Percentile by Number Answered
Your Score History
You have not taken this quiz